Представление документа в формате MARC21

Поле Инд. ПП Название Значение
Тип записи a
Библиографический уровень b
001 Контрольный номер DU/602865360
005 Дата корректировки 20250318111711.7
008 Кодируемые данные 20190124
040 b Код языка каталог. rus
e Правила каталог. PSBO
041 0_ a Код языка текста rus
084 a Индекс другой классификации/Индекс ББК 88.576
100 1_ a Автор Соглаева М. В.
q Полное имя Соглаева Маринна Владимировна
100 1_ a Автор Сурьянова Т. И.
q Полное имя Сурьянова Татьяна Ильинична
245 10 a Заглавие Особенности семейных отношений и возможностей адаптации у подростков с функциональной диспепсией
504 a Библиография Библиогр.: с. 178
520 a Аннотация В статье представлены результаты исследования семейных отношений и адаптационных возможностей у подростков с функциональной диспепсией. Проанализированы понятия адаптации и адаптационного потенциала личности, ассертивности как интегративной личностной характеристики, а также особенности семейной системы, оказывающие влияние на становление адаптационных возможностей подростка. По результатам эмпирического исследования было выявлено, что семьи подростков с функциональной диспепсией характеризуются низкой сплоченностью, а сами подростки обладают пониженными адаптационными возможностями, демонстрируют пассивность и низкую инициативность. Выявлена необходимость проведения психокоррекционной работы с подростками, страдающими функциональной диспепсией, так как для них характерны сниженные адаптационные возможности. Среди направлений психокоррекционной работы можно выделить следующие: оптимизация отношений в семье (повышение семейной сплоченности), отношения к себе и к другим (формирование принятия), развитие эмоционального комфорта, а также формирование навыков ассертивного поведения в межличностном взаимодействии
650 14 a Основная рубрика психология
a Основная рубрика психология семьи
a Основная рубрика социальная психология
653 a Ключевые слова адаптация
a Ключевые слова диспепсия
a Ключевые слова диспепсия функциональная
a Ключевые слова заболевания желудочно-кишечного тракта
a Ключевые слова подростки
a Ключевые слова семейная система
a Ключевые слова семейная сплоченность
a Ключевые слова семейные отношения
773 08 t Заглавие источника Психология. Историко-критические обзоры и современные исследования
d Дата издания источника 2018
g Прочая информация Т. 7, № 1А. - С. 173 - 180 : табл.
w Контрольный № источника DU/598461108
901 t Тип документа b